01226nam a2200301 4500001000700000003000900007005001700016008004100033020002200074080001200096080001700108100004700125245014700172260004300319300002200362490003800384490004200422504003400464650002300498650004200521700003700563830004300600830005000643852006100693942002000754999001900774952013100793178781ES-MaACL20250809044937.0110627s2009 sp |||| |dspa d a978-84-460-3096-6 a323.172 a323.172(460)1 aPi y Margall, Francisco,d1824-190199173214aLas nacionalidades b: escritos y discursos sobre federalismo /cFrancisco Pi i Margall ; edición y estudio introductorio de Ramón Máiz. aTres Cantos, Madrid : bAkal, c[2009] a711 p. ; c18 cm.1 aAkal básica de bolsillo ; v1931 aClásicos del pensamiento político aReferencias bibliográficas.04aFederalismo91273804aFederalismo-zEspaña-yS.XIX9127401 aMáiz Suárez, Ramón.97563610aAkal básica de bolsillov19392232911 aClásicos del pensamiento político9224323 aES-MaACLjA-113059185642bR.145636cDEPO1dOlim: N-4309 2udccMONOGRAFIA c178781d178781 00102udc4070aATENEOMbATENEOMcDEPO1d2011-06-27eCOMPRAl0oA-11305p1187795r2023-02-23 00:00:00w2023-02-23yMONOGRAFIA